000
00333 a2200157 4500
001
71443
020
_a
8585642300
040
_c
Anchieta - Colégio São Paulo
100
_a
Rachlin, Ann
240
1
0
_a
Brahms
_l
por
245
1
0
_a
Brahms
300
_a
[20p.]
362
0
_a
1993
650
4
_a
Literatura infanto-juvenil
942
_c
BK
999
_c
71443
_d
71443